00536nam a2200205Ia 4500008004100000040000600041041001400047082001200061082001100073100002000084245004300104245002000147260001300167260003500180260000900215300005500224300001000279365002500289650001600314141004s9999 xx 000 0 und d ca aMalayalam a581.634 bSCA/ME aBaby P Scariah aOushadhasasyakrishikku oru vazhikaatti cBaby P Scariah aOdakkali bKerala Agricultural University c2009 a268 p.  b22 cm aRs.100  aCultivation